| 000 | nam a22 a 4500 | ||
|---|---|---|---|
| 999 |
_c1890 _d1890 |
||
| 003 | AKMAL | ||
| 005 | 20170512114214.0 | ||
| 008 | 170512s1996 my l 00 eng d | ||
| 020 |
_a9678907852: _cRM 250.00 |
||
| 040 | _aAKMAL | ||
| 082 | _a347.595051 RUL | ||
| 090 |
_a347.595051 _bRUL |
||
| 100 |
_aVanugopal, S _93926 |
||
| 245 | 1 | 0 |
_aRules of the High Court 1980 : _bcase digest & precedents / _cS. Vanugopal ; foreword by Justice Datuk Charles N.C. Ho |
| 260 |
_aKuala Lumpur : _bInternational Law Book Services, _c1996 |
||
| 300 |
_acxix, 415p. ; _c25cm |
||
| 650 |
_aCourt rules _zMalaysia _93920 |
||
| 650 |
_aCourts _zMalaysia _93771 |
||
| 700 | 1 |
_aHo, Charles N. C., _cDatuk _93927 |
|
| 942 |
_2ddc _cBOOK |
||